000 01065cam a2200229 4500
001 WB@3612-472
008 041123n2004 000 0 eng u
035 _a(Sirsi) u128091
245 _aSellers cut prices again
260 _c2004
490 _aRightmove Press Release
_vNovember edition, 22 November 2004 (16)
520 _aThe latest "Rightmove house price index: November" shows that the average property asking price has fallen sharply this month by £3 200 to £190 329 - a drop of 1.7%. The annual rate has dropped from 13.4% to 11.6% in November 2004 and it is predicted to hit single figures by the end of this year. There are 40% more properties available now than there were in January 2004 and coupled with stable interest rates, confident buyers can negotiate good deals. http://www.rightmove.co.uk
590 _aWB
590 _aWB
650 _aRIGHTMOVE
650 _aHOUSE PRICE INDEX
650 _aHOUSE PRICE INFLATION
650 _aINTEREST RATES
650 _aPROPERTY PRICES
690 _aHOUSING-HOUSE PRICES
942 _n0
999 _c118356
_d118356